00818nam a2200217 a 450000100100000000500170001000800410002702000150006804000250008310000400010824500710014825000120021926000340023130000230026549000210028850000700030950400730037983000260045295201050047899900170058300004404320201002045118.0140514s1988 sp 000 0 spa d a8472230619 aDO-SdBNPbspacBNPHU1 aBataille, Georgesd1897-196297202413aEl Erotismo : /cGeorges Bataille ; traducción de Antoni Vicens. a5a. ed. aBarcelona :bTusquets,c1988. a378 p. : ;c19 cm.1 aMarginales ;v61 aIncluye datos biográficos del autor en la solapa de la cubierta aIncluye referencias bibliográficas y notas al pie de las páginas 0aMarginalesv61920830 001050718MOaGRbGRcCTd2014-05-14iLF1l0o p44043-10r2020-06-25w2020-06-25y1ZNo se presta c43532d43532